000 00408nam a22001217a 4500
999 _c9416
_d9416
003 OSt
008 201203b ||||| |||| 00| 0 eng d
245 _aAsian Dyer
250 _a2013(Feb-Mar Vol.10 No.1, Apr-May Vol.10 No.2, Jun-Jul Vol.10 No.3, Aug-Sep Vol.10 No.4, Oct-Nov Vol.10 No.5) 2013-14(Dec-Jan Vol.10 No.6)
260 _aMumbai
_bTexchem Publication
650 _aTextile Engineering
942 _2ddc
_cBV